Name the Dream SMP Members (Aug 2022) - Statistics

General Stats
  • This quiz has been taken 336 times
    224 since last reset
  • The average score is 27 of 38
Answer Stats
Answer % Correct
Dream
98%
GeorgeNotFound
97%
TommyInnit
95%
Sapnap
93%
Tubbo
91%
Wilbur Soot
90%
BadBoyHalo
89%
Niki
89%
Technoblade
86%
Philza
85%
Quackity
85%
Ranboo
84%
Punz
80%
Skeppy
80%
Fundy
79%
Ponk
79%
Awesamdude
76%
Karl Jacobs
76%
Callahan
75%
Puffy
75%
Hannah
74%
Purpled
74%
Jschlatt
72%
Eret
70%
Jack Manifold
70%
Antfrost
66%
Foolish
64%
Vikkstar
63%
Slimecicle
62%
LazarBeam
60%
HBomb
56%
Aimsey
55%
Connor
50%
Tina
46%
Eryn
41%
Michaelmcchill
38%
Boomer
33%
SeePeeKay
7%
No matching quizzes found
Score Distribution
Percent of People with Each Score
Percentile by Number Answered
Your Score History
You have not taken this quiz since the last reset